00526nam a2200181 a 4500001001300000003000900013005001700022008004100039020001000080082001600090245002100106260006000127300000800187500003500195505004200230650002700272710004500299nice12345678IN_TiNIC20260116012540.0050524s0000 beia grp 000 0 eng  ac10000a207.11bNEA aEmmau Furlonbgs. aBeirutbNear East Council of Churches Study Prog c0000 a15p aincludes index and biblioraphy2 aacc no.1113,vision press ltd, london. aTheological-Seminaries2 aNear East Council of Churches Study Prog